Contratos em dólar / (Record no. 1079)

MARC details
000 -LÍDER
Campo Fixo de Controle 00597nam a2200217 a 4500
001 - NÚMERO DE CONTROLE
Campo de Controle 1079
003 - IDENTIFICAÇÃO DO NÚMERO DE CONTROLE
Campo de Controle BR-CuiBMT
005 - DATA E HORA DA ÚLTIMA ATUALIZAÇÃO
Campo de Controle 20231128153638.0
008 - DADOS FIXOS
Dados Fixos 231128s1999 spb 001 0 por d
040 ## - AGÊNCIA CATALOGADORA
Código da Agência Catalogadora BR-CuiBMT
Agência que transcreveu o registro BR-CuiBMT
080 ## - Nº DA CLASSIFICAÇÃO DECIMAL UNIVERSAL
Nº edição CDU 2007
Nº Class. CDU 347.74:336.745
090 ## - NÚMERO DE CHAMADA
Nº classificação 347.74:336.745
Cutter C834c
100 1# - ENTRADA PRINCIPAL -- AUTOR PESSOAL
Nome pessoal Coser, José Reinaldo
245 ## - TÍTULO PRINCIPAL
Título principal Contratos em dólar /
Indicação de responsabilidade José Reinaldo Coser.
260 ## - PUBLICAÇÃO, DISTRIBUIÇÃO, ETC.
Local de publicação Leme,SP :
Editora LED,
Data 1999.
300 ## - DESCRIÇÃO FÍSICA
N. páginas ou volumes 184 p.:
Dimensões 21 cm
504 ## - NOTA DE BIBLIOGRAFIA, ETC.
Nota de bibliografia Inclui bibliografia e índice.
650 ## - ASSUNTO TÓPICO
Cabeçalho tópico ou nome geográfico Contratos em dólar
650 ## - ASSUNTO TÓPICO
Cabeçalho tópico ou nome geográfico Direito comercial
942 ## - ELEMENTOS DE ENTRADA ADICIONAIS (KOHA)
Fonte de classificação ou esquema de arquivamento Classificação Decimal Universal
Tipo de item do Koha Livros
Holdings
Estado: removido Estado: perdido Fonte de classificação ou esquema de arquivamento Estado: danificado Indisponível para empréstimo Localização permanente Localização atual Data de aquisição Total Checkouts Número de Chamada completo Código de barras Date last seen Número do exemplar Preço efetivo a partir de Tipo de item (Koha)
    Classificação Decimal Universal     Biblioteca da Escola Superior de Contas do TCE/MT Biblioteca da Escola Superior de Contas do TCE/MT 26/04/2018   347.74:336.745 C834c BIBTCEMT23111228 28/11/2023 Ex. 1 28/11/2023 Livros

Powered by Koha